000
00298nam a2200133Ia 4500
100
_a
Kearton/William J
942
_c
BK
654
_a
Turbine
245
_a
Steam Turbine Operation
260
_b
Sir ISAAC Pitman & Sons Ltd.
_a
London
_c
1954
082
_a
621.1
300
_a
453
546
_a
ENGLISH
999
_c
27542
_d
27542